000 00764cam a22002653a 4500
001 6343
003 PGUSA
005 20140828083131.0
008 040801s2004||||xxu|||||s|||||000 | eng d
040 _aPGUSA
_beng
042 _adc
050 4 _aB
100 1 _aKant, Immanuel,
_d1724-1804
245 1 0 _aKritik der reinen Vernunft :
_bZweite hin und wieder verbesserte Auflage (1787)
_h[electronic resource] /
_cImmanuel Kant
260 _bProject Gutenberg,
_c2004
506 _aPublic domain in the USA.
516 _aElectronic text
653 _aCausation
653 _aReason
653 _aPhilosophy, German
653 _aKnowledge, Theory of
830 0 _aProject Gutenberg
_v6343
856 4 0 _uhttp://www.gutenberg.org/ebooks/6343
942 _cEB
999 _c235666
_d235666